LIBRARY ONLINE CATALOGUE

Personal finance / (Record no. 6118)

MARC details
000 -LEADER
fixed length control field 00702nam a22002292 4500
001 - CONTROL NUMBER
control field 0000002935
005 - DATE AND TIME OF LATEST TRANSACTION
control field 20151217151908.0
008 - FIXED-LENGTH DATA ELEMENTS--GENERAL INFORMATION
fixed length control field 070424s xx 000 0 eng d
020 ## - INTERNATIONAL STANDARD BOOK NUMBER
International Standard Book Number 0471116203 :
Terms of availability KES 500 (donation)
040 ## - CATALOGING SOURCE
Original cataloging agency KABU
Transcribing agency KABU
050 #0 - LIBRARY OF CONGRESS CALL NUMBER
Classification number HG179
Item number .R67 1996
100 1# - MAIN ENTRY--PERSONAL NAME
Personal name Rosefsky, Robert S.
-- 0000152451
245 10 - TITLE STATEMENT
Title Personal finance /
Statement of responsibility, etc. Robert S. Rosefsky.
250 ## - EDITION STATEMENT
Edition statement 6th ed.
260 ## - PUBLICATION, DISTRIBUTION, ETC. (IMPRINT)
Place of publication, distribution, etc. New York :
Name of publisher, distributor, etc. John Wiley & Sons,
Date of publication, distribution, etc. c1996.
300 ## - PHYSICAL DESCRIPTION
Extent xiv, 765 p. ;
Dimensions 24 cm.
650 #0 - SUBJECT ADDED ENTRY--TOPICAL TERM
Topical term or geographic name as entry element Finance, Personal.
-- 0000152441
908 ## - PUT COMMAND PARAMETER (RLIN)
Put command parameter 070424
950 ## - LOCAL HOLDINGS (RLIN)
-- 1
Holdings
Withdrawn status Lost status Source of classification or shelving scheme Not for loan Home library Current library Date acquired Total Checkouts Full call number Barcode Date last seen Date last checked out Price effective from Koha item type
    Library of Congress Classification   Kabarak, Main Campus Kabarak, Main Campus 17/12/2015 1 HG179 .R67 1996 005344 05/06/2017 27/04/2017 17/12/2015 General Collection
    Library of Congress Classification   Kabarak, Main Campus Kabarak, Main Campus 17/12/2015 1 HG179 .R67 1996 005345 27/06/2017 05/06/2017 17/12/2015 General Collection